000 00657nam#a22002535a#4500
001 2436
008 141023s2014####ag#####g######001#mdspa#d
245 1 3 _aEl libro del Haiku /
_ctraducido por Alberto Silva.
250 _a1ª ed.
260 _aBuenos Aires :
_bBajo la luna,
_c2014.
300 _a480 p. ;
_c20 cm.
020 _a9789871803590
100 1 _aSilva, Alberto.
_4trl
080 _a82-1
084 _aS55
653 _aLiteratura japonesa
653 _aNarrativa argentina
653 _aPoesía argentina
653 _aRomanticismo argentino
040 _aAR-ClEAG
_cAR-ClEAG
005 20241107184744.0
003 AR-ClEAG
942 _cBK
999 _c2436
_d2436
980 _62
_aEvangelina Gallicchio
_82
_gEvangelina Gallicchio